Normal view
MARC view
- Martín del Campo, David,
Entry Nombre Personal
001 - NUMERO DE CONTROL
- campo de control: 32483
003 - IDENTIFICADOR DE NUMERO DE CONTROL
- campo de control: UPN
005 - FECHA Y HORA DE LA ÜLTIMA TRANSACCIÓN
- campo de control: 20210219194433.0
008 - DATOS DE LONGITUD FIJA
- campo de control de longitud fija: nabaccnnaabn|||||||||| b |nc|||||d
035 ## - NUMERO DE CONTROL
- Número de control: UPN11000004590
040 ## - FUENTE DE CATALOGACIÓN
- Lenguaje de catalogación: SPA
- Agencia de transcripción: UPN
053 #4 - NÚMERO DE CLASIFICACIÓN LC
- Número de clasificación elemento-número único o número inicial de tramo: PQ7298.423 A7.8
100 1# - ENCABEZAMIENTO - NOMBRE PERSONAL
- Nombre personal: Martín del Campo, David,
- Fechas asociadas con el nombre: 1952-
400 1# - VEÁSE - NOMBRE DE PERSONA
- Personal name: Campo, David Martín del,
- Dates associated with a name: 1952-
670 ## - FUENTE EN LA QUE SE LOCALIZARON DATOS
- Cita de la fuente: T
- Uniform Resource Identifier: http://escritores.cinemexicano.unam.mx/biografias/M/MARTIN_del_campo_david/biografia.html
680 ## - NOTA PUBLICA DE ACCESO PÚBLICO
- Frase explicativa de la referencia: Escritor mexicano
902 ## - CATALOGADOR
- Catalogador: BDV/280812
